| 000 | 00821nam a2200253Ia 4500 | ||
|---|---|---|---|
| 003 | OSt | ||
| 005 | 20220923211042.0 | ||
| 006 | a|||||r|||| 00| 0 | ||
| 007 | ta | ||
| 008 | Pun | ||
| 020 |
_a817380544x (hbk) _c75 |
||
| 024 | _a284,520 | ||
| 037 |
_b931, 27/03/2015, H.K. Prakashan _cTextual |
||
| 040 |
_aARTS _cARTS _bPun |
||
| 041 |
_2Pun _aPun |
||
| 082 | _aO153k, N9 | ||
| 100 |
_aਵਿਨੋਦ, ਟੀ ਆਰ _9157641 |
||
| 245 | 0 | _aਨਾਵਲ ਆਲੋਚਨਾ Fਬਦਾਵਲੀ ਕੋF | |
| 260 |
_aਪਟਿਆਲਾ _b ਪੰਜਾਬੀ ਯੂਨੀਵਰਸਿਟੀ _c1999 |
||
| 300 |
_a110ਪੰ _ccm. |
||
| 650 | _aਪੰਜਾਬੀ ਸਾਹਿਤ | ||
| 942 |
_hO153k, N9 _cTEXL _2CC |
||
| 999 |
_c294534 _d294534 |
||